000 00599nam a2200229Ia 4500
003 OSt
005 20220918202100.0
006 a|||||r|||| 00| 0
007 ta
008 220917b |||||||| |||| 00| 0 eng d
024 _a98,626
037 _cTextual
040 _aARTS
_cARTS
_beng
041 _2eng
_aeng
082 _aV2:25wM69, H5
100 _aGandhi M K
245 0 _aAutiobiography or the study of my experiments with truth tr by Mahadev Desai
260 _c1945
650 _aHISTORY
942 _hV2:25wM69, H5
_cTEXL
_2CC
999 _c222213
_d222213